Modern Digital Electronics (Record no. 5669)
[ view plain ]
| 000 -LEADER | |
|---|---|
| fixed length control field | 00302nam a2200133Ia 4500 |
| 008 - FIXED-LENGTH DATA ELEMENTS--GENERAL INFORMATION | |
| fixed length control field | 191201s2012 xx 000 0 und d |
| 100 ## - MAIN ENTRY--PERSONAL NAME | |
| Personal name | JAIN, RP |
| 245 #0 - TITLE STATEMENT | |
| Title | Modern Digital Electronics |
| 250 ## - EDITION STATEMENT | |
| Edition statement | Rep |
| 260 ## - PUBLICATION, DISTRIBUTION, ETC. (IMPRINT) | |
| Place of publication, distribution, etc | N. Delhi |
| Name of publisher, distributor, etc | TMH |
| Date of publication, distribution, etc | 2012 |
| 300 ## - PHYSICAL DESCRIPTION | |
| Extent | 712 |
| 650 ## - SUBJECT ADDED ENTRY--TOPICAL TERM | |
| Topical term or geographic name as entry element | B.Tech(CSE) |
| 942 ## - ADDED ENTRY ELEMENTS (KOHA) | |
| Source of classification or shelving scheme | Dewey Decimal Classification |
| Koha item type | Text Books |
| Withdrawn status | Lost status | Source of classification or shelving scheme | Damaged status | Not for loan | Collection code | Home library | Current library | Date acquired | Source of acquisition | Cost, normal purchase price | Bill Number | Total Checkouts | Full call number | Acc. no. / Barcode | Date last seen | Date last borrowed | Bill Date | Koha item type | Checked out | Public note |
|---|---|---|---|---|---|---|---|---|---|---|---|---|---|---|---|---|---|---|---|---|
| Dewey Decimal Classification | B.Tech(ECE) | PIET C-LIBRARY | PIET C-LIBRARY | 09/05/2013 | IBH, New Delhi | 465.00 | 1021 | 1 | 621.381958 JAM | 21996 | 16/11/2022 | 04/11/2022 | 06/05/2013 | Text Books | ||||||
| Dewey Decimal Classification | B.Tech(ECE) | PIET C-LIBRARY | PIET C-LIBRARY | 09/05/2013 | IBH, New Delhi | 465.00 | 1021 | 3 | 621.381958 JAM | 21997 | 08/02/2025 | 11/09/2024 | 06/05/2013 | Text Books | ||||||
| Dewey Decimal Classification | B.Tech(ECE) | PIET C-LIBRARY | PIET C-LIBRARY | 09/05/2013 | IBH, New Delhi | 465.00 | 1021 | 1 | 621.381958 JAM | 21998 | 20/12/2023 | 06/12/2023 | 06/05/2013 | Text Books | ||||||
| Dewey Decimal Classification | B.Tech(ECE) | PIET C-LIBRARY | PIET C-LIBRARY | 09/05/2013 | IBH, New Delhi | 465.00 | 1021 | 4 | 621.381958 JAM | 21999 | 25/10/2024 | 11/10/2024 | 06/05/2013 | Text Books | ||||||
| Dewey Decimal Classification | B.Tech(ECE) | PIET C-LIBRARY | PIET C-LIBRARY | 09/05/2013 | IBH, New Delhi | 465.00 | 1021 | 5 | 621.381958 JAM | 22000 | 16/01/2024 | 08/01/2024 | 06/05/2013 | Text Books | ||||||
| Dewey Decimal Classification | B.Tech(ECE) | PIET C-LIBRARY | PIET C-LIBRARY | 09/05/2013 | IBH, New Delhi | 465.00 | 1021 | 2 | 621.381958 JAM | 22001 | 27/01/2023 | 23/01/2023 | 06/05/2013 | Text Books | ||||||
| Dewey Decimal Classification | B.Tech(ECE) | PIET C-LIBRARY | PIET C-LIBRARY | 09/05/2013 | IBH, New Delhi | 465.00 | 1021 | 2 | 621.381958 JAM | 22002 | 27/11/2025 | 13/11/2025 | 06/05/2013 | Text Books | ||||||
| Dewey Decimal Classification | B.Tech(ECE) | PIET C-LIBRARY | PIET C-LIBRARY | 09/05/2013 | IBH, New Delhi | 465.00 | 1021 | 1 | 621.381958 JAM | 22003 | 16/12/2019 | 12/12/2019 | 06/05/2013 | Text Books | ||||||
| Dewey Decimal Classification | B.Tech(ECE) | PIET C-LIBRARY | PIET C-LIBRARY | 09/05/2013 | IBH, New Delhi | 465.00 | 1021 | 1 | 621.381958 JAM | 22004 | 03/11/2020 | 03/11/2020 | 06/05/2013 | Text Books | 17/11/2020 | |||||
| Dewey Decimal Classification | B.Tech(ECE) | PIET C-LIBRARY | PIET C-LIBRARY | 09/05/2013 | IBH, New Delhi | 465.00 | 1021 | 2 | 621.381958 JAM | 22005 | 13/03/2025 | 21/01/2022 | 06/05/2013 | Text Books | . | |||||
| Dewey Decimal Classification | B.Tech(ECE) | PIET C-LIBRARY | PIET C-LIBRARY | 09/05/2013 | IBH, New Delhi | 465.00 | 1021 | 3 | 621.381958 JAM | 22006 | 17/04/2025 | 17/04/2025 | 06/05/2013 | Text Books | 03/11/2025 | |||||
| Dewey Decimal Classification | B.Tech(ECE) | PIET C-LIBRARY | PIET C-LIBRARY | 09/05/2013 | IBH, New Delhi | 465.00 | 1021 | 2 | 621.381958 JAM | 22007 | 24/09/2025 | 10/09/2025 | 06/05/2013 | Text Books | ||||||
| Dewey Decimal Classification | B.Tech(ECE) | PIET C-LIBRARY | PIET C-LIBRARY | 09/05/2013 | IBH, New Delhi | 465.00 | 1021 | 621.381958 JAM | 22008 | 04/12/2019 | 06/05/2013 | Text Books | ||||||||
| Dewey Decimal Classification | B.Tech(ECE) | PIET C-LIBRARY | PIET C-LIBRARY | 09/05/2013 | IBH, New Delhi | 465.00 | 1021 | 6 | 621.381958 JAM | 22009 | 31/12/2025 | 18/12/2025 | 06/05/2013 | Text Books | ||||||
| Dewey Decimal Classification | B.Tech(ECE) | PIET C-LIBRARY | PIET C-LIBRARY | 09/05/2013 | IBH, New Delhi | 465.00 | 1021 | 2 | 621.381958 JAM | 22010 | 17/04/2025 | 17/04/2025 | 06/05/2013 | Text Books | 03/11/2025 | |||||
| Dewey Decimal Classification | B.Tech(ECE) | PIET C-LIBRARY | PIET C-LIBRARY | 09/05/2013 | IBH, New Delhi | 465.00 | 1021 | 1 | 621.381958 JAM | 22011 | 10/09/2022 | 10/08/2022 | 06/05/2013 | Text Books | ||||||
| Dewey Decimal Classification | B.Tech(ECE) | PIET C-LIBRARY | PIET C-LIBRARY | 09/05/2013 | IBH, New Delhi | 465.00 | 1021 | 1 | 621.381958 JAM | 22012 | 17/11/2021 | 11/11/2021 | 06/05/2013 | Text Books | ||||||
| Dewey Decimal Classification | B.Tech(ECE) | PIET C-LIBRARY | PIET C-LIBRARY | 09/05/2013 | IBH, New Delhi | 465.00 | 1021 | 3 | 621.381958 JAM | 22013 | 27/01/2025 | 24/01/2025 | 06/05/2013 | Text Books | ||||||
| Dewey Decimal Classification | B.Tech(ECE) | PIET C-LIBRARY | PIET C-LIBRARY | 09/05/2013 | IBH, New Delhi | 465.00 | 1021 | 3 | 621.381958 JAM | 22014 | 06/12/2023 | 21/11/2023 | 06/05/2013 | Text Books | ||||||
| Dewey Decimal Classification | B.Tech(ECE) | PIET C-LIBRARY | PIET C-LIBRARY | 09/05/2013 | IBH, New Delhi | 465.00 | 1021 | 3 | 621.381958 JAM | 22015 | 19/02/2026 | 22/08/2025 | 06/05/2013 | Text Books |